| 000 | 01541nam a2200253Ia 4500 | ||
|---|---|---|---|
| 003 | Ost | ||
| 005 | 20260416102352.0 | ||
| 008 | 260416s9999||||xx |||||||||||||| ||und|| | ||
| 040 | _cfsecg | ||
| 041 | _aara | ||
| 082 | _a330.12 | ||
| 100 |
_aصديقي، شفيقة _eمؤلف |
||
| 245 | 0 |
_aمحاضرات في تاريخ الوقائع الإقتصادية / _c شفيقة صديقي |
|
| 260 |
_aالجزائر _bجامعة الجزائر3: كلية العلوم الإقتصادية، العلوم التجارية وعلوم التسيير _c2017 |
||
| 300 |
_a56 ورقة _bايضاحات _c30 سم |
||
| 504 | _aمراجع ص.56 | ||
| 520 | _aمفهوم تاريخ الوقائع الاقتصادية وأهميتها، الوقائع الاقتصادية في العصور القديمة، الوقائع الاقتصادية في العصور الوسطى، الأفكار والأنظمة الاقتصادية المعاصرة، المؤسسات الدولية للنظام الاقتصادي الجديد، التكتلات الاقتصادية، العولمة الاقتصادية، الأزمات الاقتصادية الحديثة. | ||
| 653 | _aالأزمات الإقتصادية | ||
| 653 | _aالتكتلات الاقتصادية | ||
| 653 | _aالنظم الاقتصادية | ||
| 653 | _aالوقائع الاقتصادية | ||
| 710 |
_aجامعة الجزائر3: كلية العلوم الإقتصادية، العلوم التجارية وعلوم التسيير _eناشر علمي |
||
| 942 | _cHANDOUT | ||
| 999 |
_c41058 _d41058 |
||